[Event "Portugal Open 2020"]
[Site "Lisbon"]
[Date "2020.01.28"]
[Round "5.42"]
[White "Reis, Luis Sousa"]
[Black "Tieres, Cristiano"]
[Result "1-0"]
[WhiteElo "2187"]
[BlackElo "1852"]
[Annotator "TA"]
[PlyCount "57"]
[EventDate "2020.01.25"]
[EventType "swiss"]
[EventCountry "POR"]
[SourceTitle "playchess.com"]
[Source "ChessBase"]
[SourceQuality "1"]

{[%evp 16,57,0,0,7,15,0,0,31,22,37,33,37,36,31,32,56,58,180,178,174,179,310,316,414,409,411,420,424,202,360,361,497,134,29992,29993,29993,682,4747,3412,29994,29995,29998,29999]} 1. d4 Nf6 2. c4 g6 3. Nc3 Bg7 4. e4 d6 5. f4 O-O 6. Nf3 c5 7. d5 e6 8. dxe6 fxe6 9. Bd3 Nh5 {E76: King's Indian: Four Pawns Attack: Lines specific to 6 Nf3 move-order} (9... Nc6 10. O-O Nd4 11. Bd2 Bd7 12. Nxd4 cxd4 13. Nb5 Bc6 14. Qe2 Ne8 15. e5 Bxb5 16. cxb5 dxe5 17. fxe5 Nc7 18. Rxf8+ Qxf8 {½-½ (77) Ponomariov,R (2726)-Vovk,Y (2562) Kiev 2012}) 10. g3 Nc6 11. O-O a6 {The position is equal.} 12. f5 Ne5 13. Nxe5 Bxe5 14. Bh6 Rf7 15. Qe2 $146 {Hoping for fxg6.} ({Predecessor:} 15. Qg4 exf5 16. exf5 Ng7 17. Bxg7 Rxg7 {1-0 (57) Seewald,P-Spaan,T (2350) Haarlem 1991}) 15... Bd7 {[%cal Re6f5]} 16. fxg6 Rxf1+ ({Black should try} 16... hxg6 $14 17. Qg4 (17. Rxf7 Kxf7 18. Rf1+ Nf6 $14) 17... Qe8) 17. Rxf1 $18 hxg6 18. Qg4 $36 {[%mdl 2048] White has strong initiative.} Kh7 (18... Ng7 $142 19. Qxg6 Qe8 20. Qxe8+ Nxe8) 19. Bg5 $1 {[%cal Rg5d8]} Qe8 20. Qh4 Kg8 21. g4 Ng7 22. Be7 (22. Rf3 $142) 22... Bc6 $2 (22... b5 {was necessary.} 23. cxb5 axb5) 23. Rf3 Qd7 {[#]} 24. Rh3 $2 (24. Nd5 $1 $18 {[%mdl 512] and the rest is easy.}) 24... Re8 $2 {[%mdl 8192]} (24... Kf7 $16) 25. Qh7+ {[%mdl 64] Double Attack} Kf7 26. Bg5 (26. Rf3+ $142 Bf6 27. Bxf6 Rf8 28. Bxg7+ Ke7 29. Rxf8 d5 30. e5 Qe8 {[#]} 31. Bf6+ $1 {[%mdl 512]} Kxf8 32. Qg7#) 26... Bf6 {[#]} 27. Rf3 $1 {[%mdl 512]} Qe7 28. e5 Rh8 29. Bxg6+ {Accuracy: White = 54%, Black = 16%.} 1-0

[Event "Portugal Open 2020"]
[Site "Lisbon"]
[Date "2020.01.29"]
[Round "6.1"]
[White "Ten Hertog, Hugo"]
[Black "Alekseev, Evgeny"]
[Result "*"]
[WhiteElo "2503"]
[BlackElo "2623"]
[Annotator "TA"]
[PlyCount "66"]
[EventDate "2020.01.25"]
[EventType "swiss"]
[EventCountry "POR"]
[SourceTitle "playchess.com"]
[Source "ChessBase"]
[SourceQuality "1"]

{[%evp 12,66,44,13,35,0,25,16,41,24,47,44,85,85,61,62,60,68,82,0,0,0,60,0,0,-6,0,0,0,8,-11,-56,-35,-84,-60,-86,-81,-158,-158,-155,-170,-131,-18,-26,0,0,86,52,266,270,238,185,350,182,327,0,212]} 1. Nf3 c5 2. e4 Nc6 3. d4 cxd4 4. Nxd4 Qb6 5. Nb3 Nf6 6. Nc3 e6 7. Qe2 (7. a3 {with more complications.} Be7 8. Be3 Qc7 9. f4 O-O 10. Bd3) 7... Be7 {B33: Sicilian: Pelikan and Sveshnikov Variations} (7... d6 8. g4 a6 9. g5 Nd7 10. f4 Qc7 11. Be3 b5 12. Qf2 Na5 13. Bd3 b4 14. Ne2 Nc4 15. O-O-O a5 {1-0 (31) Inarkiev,E (2693)-Kuzubov,Y (2671) Konya 2019}) 8. Bd2 O-O $146 ({Predecessor:} 8... d6 9. O-O-O O-O 10. g4 Nd7 11. f4 a5 12. Be3 Qc7 13. Nb5 Qb8 14. a4 b6 {0-1 (49) Haszon,D (2173)-Szabo,B (2333) Miskolc 2011}) 9. O-O-O Qc7 10. Kb1 a6 11. g4 b5 12. g5 Ne8 13. f4 Bb7 14. Rg1 Rc8 15. Rc1 (15. a3 $16) 15... Nd6 $1 $11 16. f5 {f6 is the strong threat.} b4 (16... exf5 $6 17. Nd5 $16) (16... Nc4 $11) 17. Nd5 (17. Na4 $1 $14) 17... exd5 18. exd5 Nxf5 19. dxc6 Bxc6 ({Much worse is} 19... Qxc6 $6 20. Bg2 $16) 20. Bh3 Nd6 21. Bf4 (21. Qxe7 $2 Rfe8 $19) (21. Bxb4 $5 {[%cal Re2e7]} Rfe8 22. Qe5 $15 (22. Qxa6 Nb5 $11)) 21... Qd8 22. Rcd1 Re8 $1 23. Nd4 Be4 24. Qg4 (24. Rge1 $142 Bg6 25. Qg2 (25. Qxa6 $2 Ra8 $19)) 24... Nb5 $1 $17 {And now ...Bc5 would win.} 25. Rge1 {[#]} f5 $1 {[%cal Rf5g4][%mdl 576] Decoy} 26. Nxf5 Bxc2+ (26... b3 $1 $17 27. Ka1 Qa5 $1 {[%mdl 512]} 28. cxb3 Nc3 $1 {[%mdl 576] Double Attack}) 27. Ka1 $11 Bxd1 28. Rxd1 {Black must now prevent Nh6+!} Rc6 {[#]} (28... Qa5 $11 29. Nh6+ Kh8 30. Nf7+ Kg8 31. Nh6+ Kh8 32. Nf7+ Kg8 33. Nh6+) 29. Rxd7 $1 {[%mdl 512]} Qc8 $2 ({Black should play} 29... Qxd7 $14 30. Nh6+ {[%mdl 64] [#] Discovered Attack} Rxh6 $1 {[%mdl 512]} 31. Qxd7 Rd8 32. Qxd8+ (32. gxh6 Rxd7 33. Bxd7 Bd6 $11) 32... Bxd8 33. gxh6 Kf7) 30. Qd1 $18 Bf8 {Hoping for ...Rce6.} 31. Nh6+ {[%mdl 1024] White has strong compensation.} Kh8 $2 (31... Rxh6 32. gxh6 Qc5) 32. Nf7+ Kg8 {[#]} 33. Nh6+ $1 {[%mdl 512]} Kh8 $1 {Accuracy: White = 51%, Black = 31%.} (33... gxh6 34. Qd5+) *

[Event "Portugal Open 2020"]
[Site "Lisbon"]
[Date "2020.01.29"]
[Round "6.2"]
[White "Indjic, Aleksandar"]
[Black "Janik, Igor"]
[Result "1-0"]
[WhiteElo "2622"]
[BlackElo "2453"]
[Annotator "TA"]
[PlyCount "61"]
[EventDate "2020.01.25"]
[EventType "swiss"]
[EventCountry "POR"]
[SourceTitle "playchess.com"]
[Source "ChessBase"]
[SourceQuality "1"]

{[%evp 11,61,-2,14,21,20,21,27,16,29,22,47,27,31,31,53,40,56,54,47,49,47,48,57,75,66,55,84,81,125,129,139,144,164,144,147,162,163,167,185,174,186,192,188,177,1456,1481,2536,2702,2664,2540,1692,1516]} 1. d4 Nf6 2. c4 e6 3. Nc3 Bb4 4. Qc2 O-O 5. a3 Bxc3+ 6. Qxc3 h6 7. Nf3 {E32: Nimzo-Indian: Classical (4 Qc2): 4...0-0} b6 8. e3 Bb7 9. Be2 {White has an edge.} d6 10. b4 Nbd7 11. Bb2 a5 12. O-O Ne4 $146 ({Predecessor:} 12... Qe7 13. Nd2 axb4 14. axb4 Rxa1 15. Rxa1 Ra8 16. Rxa8+ Bxa8 17. d5 c5 18. dxc6 Bxc6 {½-½ (50) Roiz,M (2611)-Pikula,D (2545) Biel 2006}) 13. Qc2 f5 14. d5 {Black must now prevent Nd4.} e5 15. Nd2 Nxd2 16. Qxd2 f4 17. exf4 Rxf4 18. g3 Rf8 19. Bg4 Ba6 20. Rac1 axb4 21. axb4 Bc8 22. Be6+ Kh8 23. f4 Qe7 24. Rce1 Ra2 25. Qc2 Qe8 26. Rf2 Rf6 27. Ref1 Bb7 $2 (27... exf4 28. gxf4 Rg6+ 29. Kh1 Rxb2 30. Qxb2 Rxe6 31. dxe6 Bb7+ 32. Kg1 Qxe6) 28. Bxd7 $18 {[%mdl 64] [#] Overworked Piece. White is clearly winning.} Qxd7 29. fxe5 {[%mdl 64] Discovered Attack} Rxf2 30. Rxf2 {[%cal Rf2f8]} Qe8 31. e6 {Accuracy: White = 89%, Black = 32%.} 1-0

[Event "Portugal Open 2020"]
[Site "Lisbon"]
[Date "2020.01.29"]
[Round "6.3"]
[White "Asadli, Vugar"]
[Black "Ghazarian, Tigran"]
[Result "1/2-1/2"]
[WhiteElo "2538"]
[BlackElo "1668"]
[Annotator "TA"]
[PlyCount "28"]
[EventDate "2020.01.25"]
[EventType "swiss"]
[EventCountry "POR"]
[SourceTitle "playchess.com"]
[Source "ChessBase"]
[SourceQuality "1"]

{[%evp 11,19,14,11,20,18,8,16,16,23,7]} 1. e4 e6 2. d4 d5 3. Nd2 c5 4. Ngf3 cxd4 5. Nxd4 Nf6 6. exd5 Nxd5 7. N2f3 {C07: French Tarrasch: 3...c5, 4 Ngf3 and 4 exd5 Qxd5} Bb4+ 8. Bd2 Bxd2+ 9. Qxd2 O-O 10. O-O-O {Predecessor:} Qb6 $146 11. Bc4 Qc5 12. Bb3 a5 13. Rhe1 a4 14. Bxd5 Qxd5 {1-0 (41) Vachier Lagrave,M (2758)-Fedoseev,V (2659) Berlin 2015} 1/2-1/2

[Event "Portugal Open 2020"]
[Site "Lisbon"]
[Date "2020.01.29"]
[Round "6.4"]
[White "Iturrizaga Bonelli, Eduardo"]
[Black "Petrov, Nikita"]
[Result "1/2-1/2"]
[WhiteElo "2597"]
[BlackElo "2592"]
[Annotator "TA"]
[PlyCount "52"]
[EventDate "2020.01.25"]
[EventType "swiss"]
[EventCountry "POR"]
[SourceTitle "playchess.com"]
[Source "ChessBase"]
[SourceQuality "1"]

{[%evp 9,52,17,35,12,9,2,13,2,4,4,13,4,4,4,7,3,3,4,4,4,4,0,4,0,5,0,0,0,0,0,0,0,0,0,0,0,0,0,2,0,0,0,0,0,7]} 1. c4 Nf6 2. g3 g6 3. Bg2 Bg7 4. Nc3 O-O 5. d4 Nc6 6. e4 {E61: King's Indian: Early deviations for White, including Smyslov System} (6. Nf3 d5 7. cxd5 Nxd5 8. O-O Rb8 9. e3 Nxc3 10. bxc3 b6 11. Ba3 Na5 12. Bb4 Ba6 13. Re1 c5 14. dxc5 Qc7 15. cxb6 axb6 16. Nd4 {½-½ (55) Vidit,S (2722)-Giri,A (2776) Kolkata 2019}) 6... e5 {The position is equal.} 7. dxe5 Nxe5 8. b3 d5 $146 ({Predecessor:} 8... d6 9. h3 a6 10. a4 Nfd7 11. Nge2 Nc5 12. O-O f5 13. exf5 Bxf5 {1-0 (32) Iturrizaga Bonelli,E (2637)-Ghasi,A (2505) chess.com INT 2019}) 9. cxd5 Re8 10. Nge2 {next h3 is good for White.} Bg4 11. h3 Bf3 12. O-O {White wants to play Bf4.} b5 13. a3 c5 $1 14. dxc6 {[#] Qxd8 is the strong threat.} Nxe4 15. Qxd8 Raxd8 16. Nxe4 {Hoping for Bg5.} Bxe2 17. c7 Rc8 $1 18. Nd6 $1 {[%csl LRc8,LRe8]} Bxf1 19. Kxf1 ({Reject} 19. Nxc8 Bxg2 20. Ne7+ Kf8 $17) 19... Nd3 {[%csl Gd3][%cal Re8e1] [#]} 20. Nxe8 Rxe8 {[%csl Gd3][%cal Re8e1]} 21. Be3 Bxa1 22. Bb7 Bb2 $1 23. a4 bxa4 24. bxa4 Ba3 25. c8=Q Rxc8 26. Bxc8 Bc5 {Accuracy: White = 66%, Black = 100%.} 1/2-1/2

[Event "Portugal Open 2020"]
[Site "Lisbon"]
[Date "2020.01.29"]
[Round "6.5"]
[White "Motylev, Alexander"]
[Black "Vasli, Aref"]
[Result "*"]
[WhiteElo "2640"]
[BlackElo "2391"]
[Annotator "TA"]
[PlyCount "65"]
[EventDate "2020.01.25"]
[EventType "swiss"]
[EventCountry "POR"]
[SourceTitle "playchess.com"]
[Source "ChessBase"]
[SourceQuality "1"]

{[%evp 11,65,14,17,3,21,0,39,0,0,0,38,38,36,30,45,46,58,54,74,69,76,58,84,77,76,88,97,58,77,80,80,80,80,80,80,83,75,88,95,57,71,71,71,71,71,70,71,72,66,67,76,58,133,116,188,172]} 1. e4 e5 2. Nf3 Nc6 3. d4 exd4 4. Nxd4 Qf6 5. Nxc6 Bc5 6. Qf3 bxc6 7. Nc3 {C45: Scotch Game} d6 (7... Qxf3 {feels hotter.} 8. gxf3 d6 9. Rg1 g6 10. Be3 Bb6) 8. Be3 (8. Qg3 {with more complications.} Bd4 9. Bc4 Qg6 10. Bd2 Ne7 11. f3) 8... Bb6 9. O-O-O {White is slightly better.} (9. Qg3 {keeps more tension.} Qg6 10. Bd2 Ne7 11. f3 Be6 12. O-O-O) 9... Qxf3 10. gxf3 Ne7 11. h4 Be6 $146 ({Predecessor:} 11... O-O 12. h5 Be6 13. Rg1 f5 14. Ne2 fxe4 15. fxe4 Bxe3+ 16. fxe3 {1-0 (53) Zvjaginsev,V (2661)-Harutyunian,T (2523) Minsk 2017}) 12. Rg1 Rg8 13. Ne2 f5 14. Nd4 Bd7 15. c3 g6 16. Re1 Kf7 17. Bc4+ d5 18. Bb3 Rge8 19. e5 {[#] Black must now prevent e6+!} f4 20. Bxf4 Bxd4 21. cxd4 Nf5 22. Rd1 h5 23. Bg5 Rab8 24. Bc2 Rb4 25. Rd2 Reb8 26. b3 a5 {[#]} 27. Rgd1 $1 Be6 28. Rd3 c5 {[%cal Rf5d4]} 29. Rc3 Nxd4 {Strongly threatening ...Ne2+.} 30. Rxc5 c6 31. Rxa5 {Threatens to win with Ra7+.} R8b7 ({Black should play} 31... Nxf3 $14 32. Bf6 Bd7) 32. Ra6 Rc7 (32... Nxc2 $16 33. Kxc2 c5) 33. Bd8 {Accuracy: White = 63%, Black = 51%.} *

[Event "Portugal Open 2020"]
[Site "Lisbon"]
[Date "2020.01.29"]
[Round "6.6"]
[White "Soham Das"]
[Black "Tari, Aryan"]
[Result "*"]
[WhiteElo "2355"]
[BlackElo "2635"]
[Annotator "TA"]
[PlyCount "73"]
[EventDate "2020.01.25"]
[EventType "swiss"]
[EventCountry "POR"]
[SourceTitle "playchess.com"]
[Source "ChessBase"]
[SourceQuality "1"]

{[%evp 9,73,0,0,0,0,-5,-3,-4,-6,0,0,0,0,0,0,0,-4,-8,0,-48,-34,-54,-55,-42,-46,-45,-8,-16,-8,-23,-3,-21,38,39,29,19,27,-45,-45,-45,-44,-43,-41,-41,-27,-53,-31,-53,-44,-46,-20,-20,-20,-22,-26,-15,-19,-15,-8,-7,-10,-64,-77,-75,-76,-84]} 1. d4 d5 2. Bf4 c5 3. e3 cxd4 4. exd4 Nc6 5. c3 Bf5 6. Nf3 {B13: Caro-Kann: Exchange Variation and Panov-Botvinnik Attack} e6 7. Nbd2 f6 (7... Bd6 8. Bxd6 Qxd6 9. Nh4 Bg6 10. g3 Nf6 11. Nxg6 hxg6 12. Bd3 O-O-O 13. Nf3 {½-½ (55) Duda,J (2758)-Artemiev,V (2731) Moscow 2019}) 8. Nh4 $146 {The position is equal.} ({Predecessor:} 8. Qb3 Qd7 9. Bb5 g5 10. Bg3 Nge7 11. O-O h5 12. h4 g4 13. Ne1 {0-1 (31) Blasco Coll,A (2242)-Smirnov,A (2405) Barcelona 2018}) 8... g5 $1 {[%cal Rg5h4]} 9. Qh5+ Kd7 {[#] Threatens to win with ...Qe8.} 10. g4 $1 {[%cal Rg4f5]} Bc2 11. Rc1 gxf4 12. Rxc2 {Black must now prevent Ng6!} Qe8 $1 13. Qxe8+ Rxe8 14. Ndf3 e5 15. dxe5 fxe5 16. Rd2 Kc7 17. Nf5 e4 18. Ng5 {White wants to play Nf7.} Nf6 {With the idea ...Rg8.} 19. Nf7 Rg8 20. g5 e3 (20... Ne5 $11 21. gxf6 Nf3+ 22. Ke2 Nxd2 23. Kxd2 Re6) 21. fxe3 $14 fxe3 22. Re2 Ng4 23. h3 (23. Bh3 $11 Nce5 24. Nxe5 Nxe5 25. Nxe3) 23... Nf2 $15 24. Nxe3 {[%mdl 64] [#] Remove Defender} Rxe3 25. Kxf2 Re7 26. Rxe7+ Bxe7 27. Nh6 Rf8+ 28. Ke2 Bxg5 29. Ng4 Bh4 30. Kd1 d4 31. cxd4 Nxd4 32. Bd3 h5 33. Ne5 Rf2 34. Rf1 Rh2 35. Rf4 (35. Rf7+ $11 Kd6 36. Nc4+ Ke6 37. Rxb7) 35... Rh1+ 36. Rf1 Rxh3 37. Be4 {Accuracy: White = 57%, Black = 78%.} *

[Event "Portugal Open 2020"]
[Site "Lisbon"]
[Date "2020.01.29"]
[Round "6.7"]
[White "Grigoryan, Karen H."]
[Black "Plichta, Kamil"]
[Result "1-0"]
[WhiteElo "2632"]
[BlackElo "2353"]
[Annotator "TA"]
[PlyCount "116"]
[EventDate "2020.01.25"]
[EventType "swiss"]
[EventCountry "POR"]
[SourceTitle "playchess.com"]
[Source "ChessBase"]
[SourceQuality "1"]

{[%evp 16,116,31,26,23,28,22,-14,63,33,25,22,14,23,14,28,20,15,27,28,28,-16,-9,-45,18,0,0,0,67,71,88,66,68,68,77,40,39,39,40,40,43,31,31,32,35,32,35,15,15,16,41,41,102,102,108,108,108,108,127,120,120,81,156,158,209,209,276,276,276,276,276,276,276,276,276,276,276,276,297,297,297,297,283,276,276,276,276,276,276,276,690,690,683,683,695,550,1608,1583,5620,5065,5065,5065,5065]} 1. d4 Nf6 2. c4 g6 3. Nc3 Bg7 4. e4 d6 5. Nf3 O-O 6. Be2 e5 7. d5 a5 8. Bg5 h6 9. Be3 Ng4 {E92: King's Indian: Classical: 6 Be2 e5: 7 dxe5, 7 Be3 and Petrosian System without 7...Nbd7} 10. Bd2 f5 11. exf5 ({Predecessor:} 11. h3 Nf6 12. exf5 {0-1 (40) Lokander,M (2317)-Ziegler,A (2301) Sweden 2017}) 11... gxf5 ({Black should play} 11... Bxf5 $11 12. O-O e4) 12. h3 Nf6 13. Qc1 $146 (13. g3 Na6 14. Qc1 Kh7 15. Nh4 Nc5 16. Be3 Nfe4 17. Nxe4 Nxe4 {½-½ (42) Korobov,A (2678)-Kovalev,V (2650) Poikovsky 2018}) 13... f4 14. g3 e4 15. Nh4 {[#]} e3 $1 {[%cal Re3d2][%mdl 512]} 16. fxe3 fxg3 {White must now prevent ...Ne4!} 17. Ng6 Re8 18. Qc2 Na6 $1 {[%cal Ra6b4]} 19. Nf4 Nc5 (19... Re5 $1 $15) 20. Qg6 {Hoping for Rg1.} Re5 $1 {[%cal Re5g5] aiming for ...Rg5.} 21. h4 $1 (21. Qxg3 Nfe4 $19) 21... Bf5 ({Better is} 21... Nce4 $11 22. Nxe4 Nxe4) 22. Qxg3 $14 Nce4 23. Nxe4 Nxe4 24. Qg2 Nxd2 25. Rg1 {[%csl Gg1][%cal Rg2g7]} (25. Nh5 $5 {[%cal Rg2g7]} Nf3+ 26. Qxf3 $14) 25... Nf3+ $1 26. Qxf3 Qxh4+ 27. Kd2 {Nh5 is the strong threat.} Re7 28. Nh5 $36 {[%mdl 2048] White is more active.} Rf8 $1 29. Raf1 Qe4 $1 {[%cal Re4c2]} 30. Qxe4 ({Of course not} 30. Nxg7 Qc2+ 31. Ke1 Rxg7 $17) 30... Bxe4 31. Rxf8+ Kxf8 32. Nf4 Bxb2 33. Ne6+ {[#]} Kf7 (33... Rxe6 $1 $14 {[%mdl 512]} 34. dxe6 Bf6) 34. Bh5+ $1 $16 {[%mdl 1024] White has strong compensation.} Kf6 35. Rf1+ $1 Ke5 36. Nd8 $1 {[%cal Rd8b7]} c6 37. Nf7+ {[#]} Rxf7 $1 {[%mdl 512]} 38. Bxf7 (38. Rxf7 cxd5) 38... cxd5 (38... Ba3 $142) 39. Bxd5 Bxd5 (39... Bg6 $16 {keeps fighting.} 40. Bxb7 Ba3) 40. cxd5 {[%mdl 4096] Endgame KR-KB} Ba3 {[#]} 41. Kd3 $1 {Threatening mate with e4.} Kxd5 {[#]} 42. Rf5+ $1 Ke6 43. Rxa5 Bc5 44. Ke4 b6 45. Ra7 Kf6 46. Kf4 Bb4 47. Rb7 Bc5 48. e4 Bd4 49. Ra7 Bc5 50. Ra8 Bb4 51. Rf8+ Ke6 52. Rb8 Bd2+ $2 (52... Ba5 53. Ke3 Kf6) 53. Kf3 $18 {White is clearly winning.} Ba5 54. Rh8 Bd2 55. Ke2 Bf4 56. Rb8 d5 57. Rxb6+ Bd6 58. a4 dxe4 {Accuracy: White = 86%, Black = 48%.} 1-0

[Event "Portugal Open 2020"]
[Site "Lisbon"]
[Date "2020.01.29"]
[Round "6.8"]
[White "Arizmendi Martinez, Julen Luis"]
[Black "Mihajlov, Sebastian"]
[Result "1/2-1/2"]
[WhiteElo "2505"]
[BlackElo "2374"]
[Annotator "TA"]
[PlyCount "44"]
[EventDate "2020.01.25"]
[EventType "swiss"]
[EventCountry "POR"]
[SourceTitle "playchess.com"]
[Source "ChessBase"]
[SourceQuality "1"]

{[%evp 29,44,10,17,16,37,35,58,39,39,4,55,39,54,45,48,42,89]} 1. e4 e5 2. Nf3 Nc6 3. Bb5 a6 4. Ba4 Nf6 5. O-O Be7 6. Re1 b5 7. Bb3 d6 8. c3 O-O 9. h3 Bb7 10. d4 Re8 11. Nbd2 Bf8 12. Bc2 h6 13. d5 Nb8 14. b3 c6 15. c4 Nbd7 16. Nf1 {C95: Closed Ruy Lopez: Breyer Variation with 10 d4} cxd5 (16... Qc7 17. Be3 a5 18. Rc1 Ba6 19. cxb5 Bxb5 20. Bd3 Qb7 21. Bxb5 cxb5 22. Ng3 Rec8 23. Qd3 h5 {½-½ (95) Caruana,F (2807)-Ding,L (2755) Saint Louis 2016}) 17. cxd5 Rc8 18. Be3 $146 ({Predecessor:} 18. Ng3 Qc7 19. Re2 g6 20. Be3 Bg7 21. Rc1 h5 22. Bd3 Qa5 23. Rec2 {½-½ (27) Norman,N (2029)-Krygier,I (2382) ICCF email 2006}) 18... Nh5 19. Rc1 Nf4 (19... f5 $11) 20. Qd2 $14 {White is slightly better.} Qf6 21. N1h2 g5 22. Bb1 h5 1/2-1/2

[Event "Portugal Open 2020"]
[Site "Lisbon"]
[Date "2020.01.29"]
[Round "6.9"]
[White "Taboas Rodriguez, Daniel"]
[Black "Spraggett, Kevin"]
[Result "1/2-1/2"]
[WhiteElo "2348"]
[BlackElo "2501"]
[Annotator "TA"]
[PlyCount "70"]
[EventDate "2020.01.25"]
[EventType "swiss"]
[EventCountry "POR"]
[SourceTitle "playchess.com"]
[Source "ChessBase"]
[SourceQuality "1"]

{[%evp 10,70,31,24,48,23,58,57,53,1,7,0,0,0,0,-12,-14,-38,-28,-83,-75,-119,-107,-123,-121,-118,-53,-87,-68,-82,-76,-70,-46,-46,-42,-33,0,0,0,0,0,0,0,0,-1,-10,-10,-17,-10,-10,-10,-10,-10,-10,-8,-22,0,0,0,-14,0,0,0]} 1. d4 Nf6 2. Nf3 e6 3. c4 Bb4+ 4. Nbd2 O-O 5. a3 Be7 6. e4 d6 {E11: Bogo-Indian} 7. Bd3 c5 8. d5 Nbd7 {White is slightly better.} 9. dxe6 $146 ({Better is} 9. h3 $14) ({Predecessor:} 9. O-O e5 10. b4 a5 11. bxa5 Rxa5 12. Nb3 Ra6 13. a4 Nh5 14. g3 {0-1 (34) Vachier Lagrave,M (2789)-Carlsen,M (2855) Leuven 2016}) 9... fxe6 $11 10. e5 Nxe5 11. Nxe5 dxe5 12. Qe2 b6 13. O-O Bb7 14. Re1 (14. Ne4 $11 {keeps the balance.}) 14... Qd4 $36 {[%mdl 2048] White is under strong pressure.} 15. Nf1 Rad8 16. Bc2 Qh4 17. Be3 e4 (17... Ng4 $17 18. Rad1 {[#]} Rd4 $1 {[%mdl 512]}) 18. Rad1 Ng4 19. Rxd8 Bxd8 20. h3 Ne5 21. Ng3 Bc7 {Hoping for ...Nf3+!} 22. Bd2 $1 {[%cal Rc2e4]} Ba6 23. b3 {The position is equal.} Nc6 $1 {[%cal Rc6d4] [#] White must now prevent ...Nd4.} 24. Qxe4 Qxe4 25. Nxe4 Nd4 26. Bd1 h6 27. Bc3 Rd8 28. Ng3 Kf7 29. Bg4 e5 30. Bd1 Bb7 31. Kf1 a5 32. a4 Ne6 33. Bc2 Nd4 34. Bd1 Ne6 35. Bc2 Nd4 {Accuracy: White = 52%, Black = 58%.} 1/2-1/2

[Event "Portugal Open 2020"]
[Site "Lisbon"]
[Date "2020.01.29"]
[Round "6.10"]
[White "Haldorsen, Benjamin"]
[Black "Rocha, Sergio"]
[Result "1-0"]
[WhiteElo "2463"]
[BlackElo "2343"]
[Annotator "TA"]
[PlyCount "59"]
[EventDate "2020.01.25"]
[EventType "swiss"]
[EventCountry "POR"]
[SourceTitle "playchess.com"]
[Source "ChessBase"]
[SourceQuality "1"]

{[%evp 12,59,13,6,14,12,52,55,56,26,28,19,31,18,120,109,110,109,141,131,179,176,176,175,196,205,257,218,404,414,477,460,626,616,674,660,679,677,766,758,773,758,1025,1023,1470,1472,1325,1218,1321,1307]} 1. e4 d5 2. exd5 Qxd5 3. Nc3 Qa5 4. Bc4 Nf6 5. d3 c6 6. Bd2 Qc7 7. Qe2 Bf5 {B01: Scandinavian Defence} 8. h3 h5 9. Nf3 Nbd7 {White is slightly better.} 10. a4 $146 {[%cal Ba2a4,Ba4a5,Ba5a6][%mdl 32]} ({Predecessor:} 10. O-O Nb6 11. Bb3 Nbd5 12. Nxd5 Nxd5 13. Nd4 Bd7 14. Bxd5 cxd5 15. c4 dxc4 16. dxc4 {½-½ (48) Efimenko,Z (2651)-Kryvoruchko,Y (2659) Kiev 2013}) 10... e6 11. a5 Bb4 12. O-O O-O-O (12... O-O $11 {keeps the balance.}) 13. a6 $36 {[%mdl 2048] aiming for Ra4. White is in control.} b6 14. Rfe1 Bc5 15. d4 Bb4 {[#]} 16. Bd3 $1 Bxd3 17. cxd3 {And now Nb5! would win.} ({Don't take} 17. Qxd3 $6 Bd6 $16) 17... Bxc3 18. bxc3 ({Inferior is} 18. Bxc3 Nd5 $14) 18... Rdg8 19. Ng5 Rf8 $2 (19... Nf8 20. Qe5 Qxe5 21. dxe5 Nd5 22. Nxf7 Rh7) 20. Qf3 $18 Nb8 21. Bf4 {White is clearly winning.} Qd7 22. Qg3 h4 23. Qh2 Rh5 24. Nf3 Nxa6 25. Rxa6 Kb7 26. Rea1 Ra8 {[#]} 27. Bb8 $1 {[%cal Ra6a7][%mdl 512]} Rb5 (27... Rxb8 28. Rxa7+) 28. Rxa7+ Rxa7 29. Rxa7+ Kc8 30. Rc7+ {Accuracy: White = 76%, Black = 22%.} 1-0

[Event "Portugal Open 2020"]
[Site "Lisbon"]
[Date "2020.01.29"]
[Round "6.11"]
[White "Bayramov, Zaur"]
[Black "Stachowiak, Kamil"]
[Result "1/2-1/2"]
[WhiteElo "2333"]
[BlackElo "2446"]
[Annotator "TA"]
[PlyCount "55"]
[EventDate "2020.01.25"]
[EventType "swiss"]
[EventCountry "POR"]
[SourceTitle "playchess.com"]
[Source "ChessBase"]
[SourceQuality "1"]

{[%evp 20,55,-4,-25,18,13,34,42,34,-18,25,14,12,12,14,20,48,47,39,12,38,22,109,22,26,23,48,45,43,41,23,0,0,0,0,0,0,0]} 1. g3 c5 2. Bg2 Nc6 3. c4 g6 4. Nc3 Bg7 5. Nf3 d6 6. O-O e5 7. d3 Nge7 8. a3 O-O 9. Rb1 a5 10. Ne1 Be6 11. Nd5 f5 {A37: Symmetrical English vs ...g6: 4 Bg2 Bg7 5 Nf3} (11... Rb8 12. Nxe7+ Nxe7 13. b4 axb4 14. axb4 cxb4 15. Rxb4 d5 16. Nc2 Qd7 17. Ba3 Rfe8 18. Ne3 d4 19. Nc2 Nc6 {½-½ (40) Arkell,K (2453)-Melkumyan,H (2670) London 2018}) 12. Nc2 Bxd5 (12... a4 {seems wilder.} 13. Bg5 h6 14. Bxe7 Nxe7 15. Nxe7+ Qxe7 16. Ne3 Qd7) 13. cxd5 Nd4 {White is slightly better.} 14. b4 $146 ({White should play} 14. Nxd4 $14 exd4 15. Re1) ({Predecessor:} 14. a4 Nxc2 15. Qxc2 Qd7 16. Bd2 b6 17. f4 Rae8 18. Bc3 exf4 19. Bxg7 Kxg7 20. gxf4 {½-½ (37) Chalupnik,M (2236)-Jarmula,P (2173) Mrzezyno 2011}) 14... cxb4 (14... Nb5 {keeps more tension.} 15. Qd2 cxb4 16. axb4 a4 17. e4 Qd7) 15. Nxd4 exd4 16. axb4 a4 17. b5 Qd7 18. Ba3 Nc8 19. Qd2 Nb6 20. Rfc1 f4 (20... Rfc8 $11 {keeps the balance.}) 21. Bf3 (21. gxf4 $16 Rae8 22. e3) 21... Be5 22. g4 Rfc8 23. Rxc8+ Rxc8 24. Qa5 Qd8 25. Qa7 Ra8 {The position is equal.} 26. Qxb7 {Strongly threatening Rc1.} Rb8 $1 {[%cal Rb8b7]} 27. Qa7 {Rc1 is the strong threat.} Ra8 $1 {[%cal Ra8a7]} 28. Qb7 {Accuracy: White = 51%, Black = 40%.} 1/2-1/2